| 000 | 00824nam a2200229 i 4500 | ||
|---|---|---|---|
| 001 | 166676 | ||
| 003 | ES-MaACL | ||
| 005 | 20250928132534.0 | ||
| 008 | 050919s1847 fr | |||||||| ||fre d | ||
| 040 |
_aCAM _bspa _cCAM |
||
| 100 | 1 |
_aTrousseau, Armand, _d1801-1867 _9133393 |
|
| 245 | 1 | 0 |
_aTraité de thérapeutique et de matière médicale / _cpar A. Trousseau et H. Pidoux. |
| 250 | _a3e éd. rev. et corr. | ||
| 260 |
_aParis : _bBéchet Jeune, libraire-éditeur, _c1847 ( _fImprimerie de Fain et Thunot) |
||
| 300 |
_av. ; _c22 cm. |
||
| 597 | _aT. I. (LXXIV, 895 p.) | ||
| 650 | 0 | 4 |
_aTerapéutica. _917479 |
| 650 | 4 |
_aMateria médica. _9161958 |
|
| 700 | 1 |
_aPidoux, Hermann, _d1808-1882 _9131141 |
|
| 852 |
_aES-MaACL _jG-15232 _z-- Enc. hol. _q-- Contiene únicamente T. I |
||
| 999 |
_c166676 _d166676 |
||